000 00391nam a22001577a 4500
003 DO-SdBNP
005 20170118103356.0
008 170118b1997 XXU||||| |||| 00| 0 spa d
020 _a0590908324
040 _aBPMSU
_bspa
_cBPMSU
245 _aEn marcha
260 _aNew York :
_bPublishing Group ,
_c1997
300 _a610 p. :
_bil. :
_c32 cm
942 _2ddc
_cBK
956 _adgarcia
999 _c12510
_d12510